000 01103nam a22003617i 4500
001 000579
003 DO-SdBNP
005 20180207093233.0
007 000579
008 891108s1988 sp spa
015 _a
016 7 _a
_z
_2BPMSU
017 _a
_b
020 _a8434585804
035 _a
040 _aBPMSU
_bspa
_cBPMSU
_e
080 0 _a
082 _2
_aI853.91
_bG435u
100 1 _aGiardina, Roberto,
_d1940-
240 1 0 _aUna sirena di norte.
_lEspañol
245 1 4 _aUna sirena en la noche /
_cRoberto Giardina ; traducción de Gabriela Sánchez Ferlosio ; ilustración de cubierta de Guido Bertello.
_h
260 1 _aBarcelona :
_bSalvat,
_c1988.
300 _a154 p.;
_c23 cm
490 1 _aBiblioteca juvenil
_v67
500 _aIncluye datos biográficos del autor en la contracubierta
600 _a
650 _aCUENTOS INFANTILES ITALIANOS
700 1 2 _aSánchez Ferlosio, Gabriela,
_etr.
_d
830 0 _aBiblioteca juvenil
_v67
942 _2ddc
_cBK
945 _aInventariado, 2018 /LP
956 _aVMATEO
_b10
_c20160712
_dBPMSU
_f0069
999 _c10841
_d10841